Paesi con un Confine - Quiz sulla Forma - Statistics

Statistiche generali
  • Questo quiz è stato fatto 1.739 volte
  • Il punteggio medio è 11 su 17
Statistiche sulle risposte
con Immagini Risposta % Corretto
Canada
99%
Regno Unito
97%
Portogallo
89%
Danimarca
84%
Irlanda
84%
Papua Nuova Guinea
79%
Città del Vaticano
76%
Monaco
73%
Corea del Sud
67%
Gambia
67%
Haiti
57%
San Marino
55%
Timor Est
46%
Repubblica Dominicana
43%
Qatar
42%
Lesotho
41%
Brunei
40%
Nessun quiz corrispondente trovato
Distribuzione punteggi
Percentuale di utenti per punteggio
Percentile per numero di risposta
I tuoi punteggi nel tempo
Non hai fatto questo quiz